| 000 | 01392naa a2200361 c 4500 | ||
|---|---|---|---|
| 001 | 39464 | ||
| 003 | ES-MaCES | ||
| 005 | 20150925135239.0 | ||
| 008 | 091105n2009 sp d t 000 | spa d | ||
| 035 | _aCES20090009076v | ||
| 040 |
_aES-MaCES _bspa _cES-MaCES |
||
| 100 | 1 |
_aFernández Fernández, Yolanda _911856 |
|
| 245 | 1 | 0 |
_aEstrategias ante Kioto _b: una visión de teoría de juegos _cYolanda Fernández Fernández, Mª Ángeles Fernández López, Blanca Olmedillas Blanco |
| 500 | _aResumen | ||
| 630 | 1 | 4 |
_aProtocolo de Kioto _d1997 _933479 |
| 650 | 4 |
_acomparabilidad internacional _930622 |
|
| 650 | 4 |
_aestrategia de gestión _930591 |
|
| 650 | 4 |
_adatos estadísticos _930765 |
|
| 650 | 4 |
_ainforme de investigación _929446 |
|
| 650 | 4 |
_aprotección ambiental _929423 |
|
| 650 | 4 |
_acambio climático _930961 |
|
| 650 | 4 |
_adegradación del medio ambiente _930722 |
|
| 650 | 4 |
_adesarrollo sostenible _930785 |
|
| 650 | 4 |
_aenergía renovable _930979 |
|
| 653 | 1 | 0 | _aMedio ambiente |
| 650 | 4 |
_930344 _aevaluación del impacto ambiental |
|
| 700 | 1 |
_aOlmedillas Blanco, Blanca _919940 |
|
| 700 | 1 |
_aFernández López, María Angeles _911904 |
|
| 773 | 0 |
_tPapeles de economía española _gn. 121 (2009){10187 R. 075411}; p. 36-44 _w(ES-MaCES)25203 _941744 |
|
| 902 | _aART Artículo de revista | ||
| 942 |
_2CES _cAR _h4.2. |
||
| 999 |
_c39464 _d39464 |
||